Technologie renovace výfukových ventilů naftových motorů

Bibliographic Details
Main Authors: Beneš, Libor, 1968- (Author), Hlavatý, Ivo (Author), Schmidová, Eva (Author), Skrbek, Břetislav (Author)
Format: Article
Language:Slovak
Czech
PhysicalDescription:Fotogr., tab.
ISSN:0044-5525
Subjects:

MARC

LEADER 00000nab a2200000 a 4500
001 vtls000874466
003 SK-MaSNL
005 20260304115652.0
008 250429c2003 xo 0 slo
015 |a SNBRB2004/06-16762 
035 |a CLN000226018 
035 |a urn:nbn:sk:snk-ab6p51 
035 |a (uuid)dcb8ce5c-1ef2-4847-837d-ba4798809b35 
035 |a (urnnbn)urn:nbn:sk:snk:ar-005pzq 
035 |a (sysno)vtls000874466 
040 |a SNKBUCL  |b slo  |c SNKBUCL  |e AACR2 
041 0 |a cze 
044 |a xo  |c SK 
080 |a 621.791.92:621.436.1.066  |2 1997 
080 |a 621.436.1.066  |2 1997 
245 0 0 |a Technologie renovace výfukových ventilů naftových motorů  |c Libor Beneš ... [et al.] 
300 |b Fotogr., tab. 
504 |a Bibliogr. odkazy 
504 |a Res. angl., čes. 
650 0 7 |a naftové motory  |2 SNKPH  |9 69789 
650 0 7 |a výfukové ventily  |2 SNK  |9 541433 
650 0 7 |a naváranie  |2 SNK  |9 415907 
650 0 7 |a renovácia  |2 SNK  |9 504734 
655 7 |a články z novín a časopisov  |2 SNK  |9 267496 
700 1 |a Beneš, Libor,  |d 1968-  |4 aut  |9 239445 
700 1 |a Hlavatý, Ivo  |4 aut  |9 699573 
700 1 |a Schmidová, Eva  |4 aut  |9 789508 
700 1 |a Skrbek, Břetislav  |4 aut  |9 786355 
773 0 |t Zváranie  |g Roč. 52, č. 7-8 (2003), s. 143-147  |x 0044-5525 
850 |a Slovenská národná knižnica 
852 |a Slovenská národná knižnica 
954 |a odborná, vedecká literatúra pôvodná (slovenská)  |2 lita 
954 |a odborná, vedecká literatúra cudzojazyčná (svetová)  |2 lita 
958 |a article 
958 |a OND 
958 |a NB 
958 |a EUIPO 
992 |a RBX 
999 |c 2876713  |d 2878643